Estudio de impacto vial del traslado de las facultades de Ingeniería y Ciencias Sociales de la Finca 1 a la Finca 2 de la Universidad de Costa Rica, Sede Rodrigo Facio
Сохранить в:
| Главный автор: | |
|---|---|
| Формат: | |
| Язык: | Spanish |
| Опубликовано: |
[San José], Costa Rica
2013
|
| Предметы: |
UNIVERSIDAD DE COSTA RICA. FACULTAD DE CIENCIAS SOCIALES - DISEÑO Y CONSTRUCCION
> UNIVERSIDAD DE COSTA RICA. FACULTAD DE INGENIERIA - DISEÑO Y CONSTRUCCION
> EDIFICIOS UNIVERSITARIOS - REPARACION Y RECONSTRUCCION
> UNIVERSIDAD DE COSTA RICA. FACULTAD DE INGENIERIA - DISEÑO Y CONSTRUCCION
> EDIFICIOS UNIVERSITARIOS - MEDIDAS DE SEGURIDAD
> PLANIFICACION DE CARRETERAS
> SEGURIDAD VIAL
> TRAFICO DE CARRETERAS
> TRANSPORTE PUBLICO
|
| Метки: |
Добавить метку
Нет меток, Требуется 1-ая метка записи!
|
MARC
| LEADER | 00000nam a22000007a 4500 | ||
|---|---|---|---|
| 003 | 011873 | ||
| 005 | 20221231143902.0 | ||
| 008 | 150318b2013 cr a|||| |||| 00| 0 spa d | ||
| 040 | |c cru CEDI | ||
| 090 | |a TFG 7041 | ||
| 100 | |9 550 |a Matamoros Elizondo, Ignacio | ||
| 245 | |a Estudio de impacto vial del traslado de las facultades de Ingeniería y Ciencias Sociales de la Finca 1 a la Finca 2 de la Universidad de Costa Rica, Sede Rodrigo Facio | ||
| 260 | |a [San José], Costa Rica |c 2013 | ||
| 500 | |a Proyecto de graduación (licenciatura en ingeniería civil)--Universidad de Costa Rica. Facultad de Ingeniería. Escuela de Ingeniería Civil | ||
| 650 | |x UNIVERSIDAD DE COSTA RICA. FACULTAD DE CIENCIAS SOCIALES - DISEÑO Y CONSTRUCCION |x UNIVERSIDAD DE COSTA RICA. FACULTAD DE INGENIERIA - DISEÑO Y CONSTRUCCION |x EDIFICIOS UNIVERSITARIOS - REPARACION Y RECONSTRUCCION |x UNIVERSIDAD DE COSTA RICA. FACULTAD DE INGENIERIA - DISEÑO Y CONSTRUCCION |x EDIFICIOS UNIVERSITARIOS - MEDIDAS DE SEGURIDAD |x PLANIFICACION DE CARRETERAS |x SEGURIDAD VIAL |x TRAFICO DE CARRETERAS |x TRANSPORTE PUBLICO |9 551 | ||
| 942 | |c TFG | ||
| 999 | |c 13743 |d 13743 | ||
